Φορτώνει......

Introduction to classical islamic philosophy /

Λεπτομέρειες βιβλιογραφικής εγγραφής
Κύριος συγγραφέας: Leaman, Oliver
Μορφή: Printed Book
Γλώσσα:English
Έκδοση: Cambridge: Cambridge University Press, 2002.
Έκδοση:Ed.2
LEADER 00752nam a2200157Ia 4500
008 121027s9999 xx 000 0 eng d
020 |a 521797578 
082 |a 181.07  |b LEA/I1 
100 |a Leaman, Oliver 
245 |a Introduction to classical islamic philosophy / 
250 |a Ed.2 
260 |a Cambridge:  |b Cambridge University Press,  |c 2002. 
300 |a 253p 
505 |a 1. How did God create the world 2. Immortality and the active intellect 3. Can God know particulars 4. Are the ethics of religion objective or subjective 5. Happiness, philosophy and society 6. How to read Islamic philosophy. 
999 |c 54194  |d 54194 
952 |0 0  |1 0  |4 0  |6 181_070000000000000_LEA_I1  |7 0  |9 54172  |a UL  |b UL  |c ST1  |d 2012-10-27  |l 0  |o 181.07 LEA/I1  |p 77880  |r 2012-10-27  |w 2012-10-27  |y BK